[Event "AUTO-OPEN-628"]
[Site "http://www.queenalice.com/game.php?id=198602"]
[Date "2007.4.17"]
[Round "1"]
[White "Silveira"]
[Black "silviopato"]
[Result "0-1"]
[WhiteElo "1269"]
[BlackElo "1905"]

1. e4 e5 2. Nf3 d5 3. exd5 e4 4. Qe2 Be7 5. Qxe4 Nf6 6. Qe5 O-O 7. c4 Bc5 8. Nc3
Re8 9. d4 Rxe5+ 10. dxe5 Ng4 11. Nd1 c6 12. h3 Nxe5 13. dxc6 Nbxc6 0-1

[Event "AUTO-OPEN-632"]
[Site "http://www.queenalice.com/game.php?id=200360"]
[Date "2007.4.21"]
[Round "1"]
[White "J_Ricardo"]
[Black "Silveira"]
[Result "1-0"]
[WhiteElo "1493"]
[BlackElo "1314"]

1. e4 e5 2. Nf3 d6 3. Bc4 f6 4. d3 Bg4 5. Be3 Nc6 6. h3 Bxf3 7. Qxf3 Nb4 8. a3
Nxc2+ 9. Ke2 Nxa1 10. Bg5 Nc2 11. Kd2 Nd4 12. Qg4 fxg5 13. h4 Be7 14. Rh3 gxh4
15. g3 hxg3 16. fxg3 Bg5+ 17. Kc3 Nf6 18. Qxg5 g6 19. Rh1 d5 20. Bb5+ Nxb5+ 21.
Kd2 dxe4 22. Qe3 exd3 23. Qxe5+ Qe7 24. Re1 Qxe5 25. Rxe5+ Kf7 26. Kxd3 1-0

[Event "AUTO-OPEN-632"]
[Site "http://www.queenalice.com/game.php?id=200361"]
[Date "2007.4.21"]
[Round "1"]
[White "Silveira"]
[Black "J_Ricardo"]
[Result "0-1"]
[WhiteElo "1332"]
[BlackElo "1514"]

1. e4 e5 2. Nf3 d6 3. Bc4 h6 4. d4 Nf6 5. dxe5 Nfd7 6. exd6 cxd6 7. Qd5 Qe7 8.
Nc3 Nb6 9. Qb5+ Bd7 10. Qb3 Qf6 11. Be3 Be7 12. Bxb6 axb6 13. Qxb6 O-O 14. O-O
Bd8 15. Qxb7 Ra5 16. Qxb8 Rc5 17. Qb4 Ba5 18. Qb7 Be6 19. e5 Qf5 20. Bxe6 Qxe6
21. exd6 Qxd6 22. Ne4 Qd5 23. Nxc5 Qxc5 24. c3 Bc7 25. Qb4 Qh5 0-1

[Event "AUTO-OPEN-632"]
[Site "http://www.queenalice.com/game.php?id=200382"]
[Date "2007.4.21"]
[Round "1"]
[White "yugioh1"]
[Black "Silveira"]
[Result "1-0"]
[WhiteElo "1065"]
[BlackElo "1269"]

1. e4 e5 2. Bc4 Nf6 3. f3 Bc5 4. Nc3 Bxg1 5. Rxg1 Nc6 6. Bb5 O-O 7. Bxc6 dxc6 8.
Kf1 b6 9. d3 Be6 10. Ne2 h6 11. Be3 c5 12. Bc1 c4 13. Qe1 cxd3 14. cxd3 Qxd3 15.
Qd2 Qxd2 16. Bxd2 Rad8 17. Bb4 1-0

[Event "AUTO-OPEN-632"]
[Site "http://www.queenalice.com/game.php?id=200394"]
[Date "2007.4.21"]
[Round "1"]
[White "stonehengedog"]
[Black "Silveira"]
[Result "1-0"]
[WhiteElo "1618"]
[BlackElo "1200"]

1. d4 d5 2. c4 e6 3. Nc3 dxc4 4. e4 Nc6 5. Nf3 Bb4 6. Bxc4 a6 7. a3 Bxc3+ 8.
bxc3 b5 9. Be2 f5 10. e5 Bb7 11. O-O Nge7 12. Bg5 h6 13. Bxe7 Nxe7 14. h3 O-O
15. Rc1 Qd5 16. c4 bxc4 17. Bxc4 Qe4 18. Bd3 Qd5 19. Rxc7 Ng6 20. Qd2 Rac8 21.
Rfc1 Rxc7 22. Rxc7 1-0

[Event "AUTO-OPEN-632"]
[Site "http://www.queenalice.com/game.php?id=200395"]
[Date "2007.4.21"]
[Round "1"]
[White "Silveira"]
[Black "stonehengedog"]
[Result "0-1"]
[WhiteElo "1198"]
[BlackElo "1620"]

1. e4 c5 2. Nf3 e6 3. d4 cxd4 4. Nxd4 Nc6 5. Nxc6 bxc6 6. Nc3 d5 7. exd5 cxd5 8.
Bb5+ Bd7 9. Bxd7+ Qxd7 10. O-O Nf6 11. Bg5 Be7 12. Bxf6 Bxf6 13. Qf3 O-O 14.
Rad1 Qb7 15. b3 Rac8 16. Rd3 Rc7 17. Rfd1 Rfc8 18. g3 Rxc3 19. Rxc3 Rxc3 20. Qg4
Rxc2 21. Qa4 Rc8 0-1

[Event "AUTO-BEG-93"]
[Site "http://www.queenalice.com/game.php?id=200404"]
[Date "2007.4.21"]
[Round "1"]
[White "Silveira"]
[Black "aravindkannankara"]
[Result "0-1"]
[WhiteElo "1220"]
[BlackElo "1185"]

1. e4 e5 2. Nf3 Nf6 3. Bc4 d5 4. Bb3 Nxe4 5. d3 Nf6 6. Nxe5 Qe7 7. O-O Qxe5 8.
Re1 Ne4 9. dxe4 dxe4 10. Qd5 Qxd5 11. Bxd5 f5 12. f3 c6 13. Bc4 Bc5+ 14. Kf1 Nd7
0-1

[Event "AUTO-BEG-93"]
[Site "http://www.queenalice.com/game.php?id=200405"]
[Date "2007.4.21"]
[Round "1"]
[White "aravindkannankara"]
[Black "Silveira"]
[Result "1-0"]
[WhiteElo "1158"]
[BlackElo "1241"]

1. e4 e5 2. Nf3 d6 3. d4 Bg4 4. dxe5 dxe5 5. Qxd8+ Kxd8 6. Nxe5 Be6 7. f4 f6 8.
Nf3 f5 9. exf5 Bxf5 10. Ne5 Be6 11. f5 Bd5 12. c4 Be4 13. Nf7+ Ke8 14. Nxh8 Bxf5
15. Nc3 1-0

[Event "AUTO-BEG-93"]
[Site "http://www.queenalice.com/game.php?id=200406"]
[Date "2007.4.21"]
[Round "1"]
[White "Silveira"]
[Black "dghost"]
[Result "0-1"]
[WhiteElo "1368"]
[BlackElo "1377"]

1. e4 e5 2. Nf3 Nc6 3. Bb5 d6 4. Bxc6+ bxc6 5. O-O Nf6 6. d3 h6 7. Nc3 Bb7 8.
Re1 Be7 9. d4 exd4 10. Nxd4 d5 11. e5 Nd7 12. e6 Nc5 13. exf7+ Kxf7 14. Qf3+ Bf6
15. Qe3 Qe8 16. Qxe8+ Rhxe8 17. Bf4 Rxe1+ 18. Rxe1 Rc8 19. b4 Bxd4 20. Ne2 Ne6
21. g3 Bb2 22. a4 Nd4 23. Nxd4 Bxd4 24. Rc1 Bc3 0-1

[Event "AUTO-BEG-93"]
[Site "http://www.queenalice.com/game.php?id=200407"]
[Date "2007.4.21"]
[Round "1"]
[White "dghost"]
[Black "Silveira"]
[Result "1-0"]
[WhiteElo "1353"]
[BlackElo "1415"]

1. e4 e5 2. Nf3 d6 3. h3 Nf6 4. Nc3 Nc6 5. Bb5 Bd7 6. O-O a6 7. Bxc6 Bxc6 8. d3
h6 9. Be3 d5 10. exd5 Nxd5 11. Nxd5 Qxd5 12. Re1 f5 13. Bf4 g5 14. Rxe5+ Qxe5
15. Bxe5 Bxf3 16. Qxf3 c6 17. Bxh8 Rd8 18. Qxf5 Rd5 19. Re1+ Be7 20. Qg6+ Kd7
21. Qf7 1-0

[Event "AUTO-BEG-94"]
[Site "http://www.queenalice.com/game.php?id=201309"]
[Date "2007.4.23"]
[Round "1"]
[White "aguiadourada"]
[Black "Silveira"]
[Result "1-0"]
[WhiteElo "1126"]
[BlackElo "1209"]

1. d4 d5 2. Bg5 f6 3. Bh4 g5 4. Bg3 Nc6 5. e3 Bf5 6. f3 Nb4 7. Na3 e6 8. Bb5+ c6
9. Ba4 b5 10. Bb3 Na6 11. e4 Bxa3 12. bxa3 dxe4 13. fxe4 Bxe4 14. Bxe6 Bxg2 15.
Bxg8 Rxg8 16. Qe2+ Qe7 17. Qxe7+ Kxe7 18. Rd1 Bxh1 19. Rd3 Be4 20. Re3 f5 21.
Rc3 Rad8 22. Rxc6 Nb8 23. Rc7+ Rd7 24. Rxd7+ Nxd7 25. Bc7 Rc8 26. Bg3 Rxc2 27.
h4 1-0

[Event "AUTO-BEG-94"]
[Site "http://www.queenalice.com/game.php?id=201310"]
[Date "2007.4.23"]
[Round "1"]
[White "Silveira"]
[Black "aguiadourada"]
[Result "1-0"]
[WhiteElo "1298"]
[BlackElo "1025"]

1. e4 e5 2. Nf3 Bb4 3. Nxe5 d6 4. Nd3 Ba5 5. c3 Nh6 6. Qf3 Ng4 7. Nf4 Nf6 8. Bc4
Bg4 9. Qg3 g5 10. e5 dxe5 11. Nd5 Nxd5 12. Qxe5+ Ne7 13. Qxh8+ Ng8 14. Qxg8+ Ke7
15. Qxg5+ f6 16. Qxg4 Bb6 17. Qg7+ Ke8 18. Qf7# 1-0

[Event "AUTO-BEG-94"]
[Site "http://www.queenalice.com/game.php?id=201321"]
[Date "2007.4.23"]
[Round "1"]
[White "danilorcarneiro"]
[Black "Silveira"]
[Result "1-0"]
[WhiteElo "1162"]
[BlackElo "1321"]

1. Nf3 d5 2. Nd4 e5 3. Nb5 Bd7 4. a4 Qf6 5. d4 Bxb5 6. c3 exd4 7. axb5 c6 8. Qd3
dxc3 9. Qxc3 Qxc3+ 10. bxc3 Nf6 11. Na3 Bxa3 12. Bxa3 cxb5 13. Rb1 a6 14. g3 Kd7
15. Bh3+ Kc6 16. e3 Nbd7 17. Rb4 a5 18. Rd4 1-0

[Event "AUTO-BEG-94"]
[Site "http://www.queenalice.com/game.php?id=201322"]
[Date "2007.4.23"]
[Round "1"]
[White "Silveira"]
[Black "danilorcarneiro"]
[Result "1-0"]
[WhiteElo "1338"]
[BlackElo "1147"]

1. e4 c5 2. Bc4 Qa5 3. Qf3 b5 4. Qxf7+ Kd8 5. Qxf8+ Kc7 6. Qxg7 Qb4 7. Qxh8 Qxc4
8. d3 Qf7 9. Qe5+ d6 10. Qc3 b4 11. Qb3 Nc6 12. Qxf7 1-0

[Event "AUTO-BEG-95"]
[Site "http://www.queenalice.com/game.php?id=202540"]
[Date "2007.4.26"]
[Round "1"]
[White "augustolenzuen"]
[Black "Silveira"]
[Result "1-0"]
[WhiteElo "1540"]
[BlackElo "1276"]

1. g3 e5 2. Bg2 d5 3. e4 d4 4. c3 dxc3 5. Nxc3 Nf6 6. d3 Bb4 7. Bd2 Qxd3 8. Nf3
Nxe4 9. Nxe4 Qxe4+ 10. Qe2 Bxd2+ 11. Kxd2 Qxe2+ 12. Kxe2 Bg4 13. Rhd1 1-0

[Event "AUTO-BEG-95"]
[Site "http://www.queenalice.com/game.php?id=202541"]
[Date "2007.4.26"]
[Round "1"]
[White "Silveira"]
[Black "augustolenzuen"]
[Result "0-1"]
[WhiteElo "1284"]
[BlackElo "1534"]

1. e4 e5 2. Nf3 Nc6 3. Bb5 d6 4. d3 a6 5. Bxc6+ bxc6 6. O-O c5 7. Nc3 Nf6 8. Bg5
Be7 9. a3 h6 10. Bxf6 Bxf6 11. b4 Qd7 12. bxc5 O-O 0-1

[Event "AUTO-BEG-95"]
[Site "http://www.queenalice.com/game.php?id=202548"]
[Date "2007.4.26"]
[Round "1"]
[White "vduran"]
[Black "Silveira"]
[Result "0-1"]
[WhiteElo "1235"]
[BlackElo "1297"]

1. e4 e5 2. Nf3 Nc6 3. Bb5 Nf6 4. O-O d6 5. d4 Nxe4 6. Re1 f5 7. Bxc6+ bxc6 8.
dxe5 dxe5 9. Qxd8+ Kxd8 10. Nxe5 Ke8 11. f3 Nd6 12. Ng6+ Kd8 0-1

[Event "AUTO-BEG-95"]
[Site "http://www.queenalice.com/game.php?id=202549"]
[Date "2007.4.26"]
[Round "1"]
[White "Silveira"]
[Black "vduran"]
[Result "1-0"]
[WhiteElo "1196"]
[BlackElo "1128"]

1. e4 c5 2. Nf3 d6 3. Bb5+ Bd7 4. Bxd7+ Qxd7 5. d3 Nc6 6. O-O Nf6 7. Bg5 h6 8.
Bxf6 gxf6 9. Nc3 Rg8 10. g3 O-O-O 11. d4 cxd4 12. Nxd4 e5 13. Nxc6 1-0